000 00763nam a2200253 i 4500
001 106066
003 ES-MaACL
005 20250727062608.0
007 t|
008 060925s1972 fr |||| | fre d
080 _a316.62
080 _a330.84/.86
100 1 _aEngels, Friedrich.
_947225
245 1 0 _aThéorie de la violence /
_cEngels ; présentation par Gilbert Mury.
260 _aParis :
_bUnion Générale d'Editions,
_c[1972]
300 _a434 p. ;
_c18 cm.
490 1 _aMonde en 10/18 ;
_v698
650 1 4 _aViolencia.
_917812
650 1 7 _aSocialismo
_2embne
_917147
700 1 _aMury, Gilbert.
_984665
830 0 _aMonde en 10/18 ;
_v698
_9177593
852 _aES-MaACL
_jAND-835
_z. - Biblioteca Juan Andrade
999 _c106066
_d106066